000 00702nam a2200217 i 4500
001 87427
003 ES-MaACL
005 20230906175653.0
007 t|
008 041221s1983 sp |||| | spa d
100 1 _aKreith, Frank.
_968801
245 1 3 _aLa trasmisión del calor
_b: principios fundamentales /
_cF. Kreith, W.Z. Black ; versión de J. Aguilar Peris, J. de la Rubia Pacheco.
250 _a1ª ed.
260 _a[Madrid] :
_bAlhambra,
_c1983.
300 _aXIV, 544 p. ;
_c24 cm.
650 4 _aCalor-
_xTransmisión.
_9165140
700 1 _aBlack, W. Z.
_929066
700 1 _aAguilar Peris, José.
_918743
700 1 _aRubia Pacheco, Juan de la.
_9100308
852 _aES-MaACL
_jL-4610
999 _c87427
_d87427